Séminaire P. Dubreil, M.-L. Dubreil-Jacotin et C. Pisot. 11e année, 1957/1958.?? Algèbre et théorie des nombres. Volume 1, Exposés 1 à 13.
Guardado en:
| Formato: | Libro |
|---|---|
| Idioma: | French |
| Publicado: |
Paris :
Secrétariat mathématique,
1958.
|
| Etiquetas: |
Agregar Etiqueta
Sin Etiquetas, Sea el primero en etiquetar este registro!
|
| LEADER | 00544nam a22001335a 4500 | ||
|---|---|---|---|
| 001 | MAT.inmabb001647 | ||
| 008 | 051017s1958####fr############000#0#fre## | ||
| 005 | 20170817153532.0 | ||
| 245 | 0 | 0 | |a Séminaire P. Dubreil, M.-L. Dubreil-Jacotin et C. Pisot. 11e année, 1957/1958.?? Algèbre et théorie des nombres. |n Volume 1, |p Exposés 1 à 13. |
| 260 | |a Paris : |b Secrétariat mathématique, |c 1958. | ||
| 300 | |a 1 v. (pag. variada) ; |c 27 cm. | ||
| 510 | 4 | |a MR, |c 21 #7222 | |
| 084 | |a 16.00 (06.00) |a 00B25 |2 MR | ||
| 859 | |h 16 |i Se471-1957 |p A-2076 |v 1 |3 Vol. I |b BIB. MATEMATICA | ||
